| 000 | 00785nam a2200277 a 4500 | ||
|---|---|---|---|
| 001 | vtls001084967 | ||
| 003 | NLI | ||
| 005 | 20210627123734.0 | ||
| 008 | 120315s1969 ii f000 0 eng | ||
| 039 | 9 |
_y201203151804 _zEntertech_02 |
|
| 040 |
_aNLI _beng _cEntertech-2011 _eAACR2 |
||
| 041 | 0 | _aeng | |
| 044 | _aii | ||
| 082 | 0 | 4 | _a539.7 |
| 100 | 1 |
_aDatta, Ram _91013886 |
|
| 245 | 1 | 0 |
_aHigher sampling rates with slow sampling systems / _cRam Datta |
| 260 |
_aBombay : _bBhaba Atomic Research Centre, _c1969 |
||
| 300 |
_a11 p. ; _c29 cm. |
||
| 650 | 0 |
_aPhysics _zIndia _9962598 |
|
| 710 | 2 |
_aAtomic Energy Commission _bIndia |
|
| 887 | _a | ||
| 901 |
_a82855 _b13.05.1977 |
||
| 902 | _aGP 539.7 B469, No411 | ||
| 999 |
_aVIRTUA _c902995 _d902995 |
||
| 942 |
_2ddc _cBKS |
||